Monetárna politika a makroekonomická rovnováha dizertačná práca

Saved in:
Bibliographic Details
Main Author: Dovčiak, Peter
Corporate Author: Národohospodárska fakulta EU. Katedra ekonómie
Format: Book
Language:Slovak
Published: Bratislava 2003
Subjects:
Tags: Add Tag
No Tags, Be the first to tag this record!

MARC

LEADER 00000nam$a2200000$$$4500
001 0028335
005 20240104094922.2
041 0 |a slo 
044 |a SK 
245 1 0 |a Monetárna politika a makroekonomická rovnováha  |b dizertačná práca  |c Peter Dovčiak 
264 1 |a Bratislava  |c 2003 
300 |a 146 s. 
610 2 0 |a politika peňažná 
610 2 0 |a rovnováha hospodárska 
610 2 0 |a rovnováha 
610 2 0 |a bilancia platobná 
610 2 0 |a banky centrálne 
610 2 0 |a politika menová 
610 2 0 |a kurz výmenný 
610 2 0 |a štúdie prípadové 
100 1 |a Dovčiak, Peter 
710 2 |a Národohospodárska fakulta EU. Katedra ekonómie